MUTHIYAMMA THUNNUMBOL (Record no. 4560)
[ view plain ]
| 000 -LEADER | |
|---|---|
| fixed length control field | 00297nam a22001337a 4500 |
| 020 ## - INTERNATIONAL STANDARD BOOK NUMBER | |
| ISBN | 81-237-3346-1 |
| 082 ## - DEWEY DECIMAL CLASSIFICATION NUMBER | |
| Classification number | 894.812.1 |
| Item number | ORL/M |
| 100 ## - MAIN ENTRY--AUTHOR NAME | |
| Personal name | ORLEV, YOORI |
| 245 ## - TITLE STATEMENT | |
| Title | MUTHIYAMMA THUNNUMBOL |
| 260 ## - PUBLICATION, DISTRIBUTION, ETC. (IMPRINT) | |
| Place of publication | INDIA |
| Name of publisher | NATIONAL BOOK TRUST |
| Year of publication | 2000 |
| 520 ## - SUMMARY, ETC. | |
| Summary, etc | POETRY |
| 650 ## - SUBJECT ADDED ENTRY--TOPICAL TERM | |
| Topical Term | POETRY |
| 942 ## - ADDED ENTRY ELEMENTS (KOHA) | |
| Koha item type | Books |
| Withdrawn status | Lost status | Collection code | Home library | Current library | Shelving location | Date acquired | Source of acquisition | Cost, normal purchase price | Full call number | Accession Number | Koha item type |
|---|---|---|---|---|---|---|---|---|---|---|---|
| Non-fiction | Main Library | Main Library | SHELF-16H-MALAYALAM POEMS | 13/05/2010 | Purchase | 17.00 | 894.812.1 ORL/M | 04965 | Books |